[Event "Tradewise Gibraltar Masters 14th"]
[Site "Gibraltar"]
[Date "2016.01.28"]
[Round "3.42"]
[White "Gaponenko, Inna"]
[Black "Sutovsky, Emil"]
[Result "1/2-1/2"]
[WhiteElo "2393"]
[BlackElo "2647"]
[PlyCount "40"]
[EventDate "2016.01.26"]
[EventType "swiss"]
[EventRounds "10"]
[EventCountry "GGB"]
[Source "www.saund.co.uk"]
[SourceDate "2005.02.07"]

1. e4 c5 2. Nf3 d6 3. d4 cxd4 4. Nxd4 Nf6 5. Nc3 a6 6. g3 e6 7. Bg2 Be7 8. O-O
Qc7 9. Be3 Nc6 10. a4 O-O 11. f4 Bd7 12. Nb3 Nb4 13. a5 Rac8 14. Rf2 Bc6 15.
Bb6 Qb8 16. Qd4 d5 17. Ba7 Qc7 18. Bb6 Qb8 19. Ba7 Qc7 20. Bb6 Qb8 1/2-1/2

[Event "Tradewise Gibraltar Masters 14th"]
[Site "Gibraltar"]
[Date "2016.01.28"]
[Round "3.43"]
[White "Li Chao B"]
[Black "Bellin, Robert"]
[Result "1-0"]
[WhiteElo "2751"]
[BlackElo "2350"]
[PlyCount "45"]
[EventDate "2016.01.26"]
[EventType "swiss"]
[EventRounds "10"]
[EventCountry "GGB"]
[Source "www.saund.co.uk"]
[SourceDate "2005.02.07"]

1. d4 f5 2. g3 Nf6 3. Bg2 e6 4. Nf3 Be7 5. O-O O-O 6. c4 d5 7. Nc3 c6 8. Qc2
Ne4 9. Bf4 Nd7 10. Rad1 g5 11. Bc1 Nd6 12. cxd5 cxd5 13. Ne5 Nb6 14. g4 Ne4 15.
Nxe4 fxe4 16. f3 exf3 17. exf3 Nd7 18. Ng6 hxg6 19. Qxg6+ Kh8 20. f4 Qe8 21.
Qh6+ Kg8 22. f5 Rf6 23. Qxg5+ 1-0

[Event "Tradewise Gibraltar Masters 14th"]
[Site "Gibraltar"]
[Date "2016.01.28"]
[Round "3.44"]
[White "Naiditsch, Arkadij"]
[Black "Gara, Anita"]
[Result "1-0"]
[WhiteElo "2696"]
[BlackElo "2339"]
[PlyCount "159"]
[EventDate "2016.01.26"]
[EventType "swiss"]
[EventRounds "10"]
[EventCountry "GGB"]
[Source "www.saund.co.uk"]
[SourceDate "2005.02.07"]

1. e4 c5 2. Nf3 d6 3. Nc3 Nf6 4. d4 cxd4 5. Qxd4 Nc6 6. Bb5 Bd7 7. Bxc6 Bxc6 8.
Bg5 e6 9. O-O-O Be7 10. Qd3 Qa5 11. h4 h6 12. Bxf6 Bxf6 13. Nd4 Qb6 14. f3 Bxd4
15. Qxd4 Qxd4 16. Rxd4 Ke7 17. a4 g5 18. b4 a6 19. Rhd1 gxh4 20. Rh1 Rag8 21.
Rd2 Rg3 22. Rxh4 Rhg8 23. Rh2 h5 24. Rf2 h4 25. a5 f5 26. exf5 exf5 27. Ne2 Kf6
28. Kd2 Bb5 29. Nd4 Bc4 30. Ke3 Bd5 31. Ne2 R8g4 32. Rf1 Rc4 33. Kd2 Rg7 34. c3
Kg5 35. Rfh1 Rh7 36. Rd1 Bc6 37. Nd4 Bd5 38. g3 Rcc7 39. Rdh1 f4 40. gxf4+ Kxf4
41. Rxh4+ Rxh4 42. Rxh4+ Kg5 43. Rg4+ Kf6 44. Rf4+ Kg6 45. Rf8 Rd7 46. Rc8 Rf7
47. Ke3 Re7+ 48. Kf4 Rf7+ 49. Ke3 Re7+ 50. Kf2 Kf6 51. Rd8 Rc7 52. Ne2 Rf7 53.
Rc8 Ke6 54. Nd4+ Kd7 55. Rh8 Re7 56. Rh5 Bc4 57. f4 Bd3 58. f5 Bb1 59. Rg5 Rf7
60. Kf3 Ke7 61. Kf4 Rh7 62. Rg1 Ba2 63. Rg6 Bf7 64. f6+ Kf8 65. Kg5 Rh3 66. Rh6
Rxh6 67. Kxh6 Bd5 68. Kg5 Kf7 69. Nf5 Ke6 70. Kg6 Ke5 71. Ne3 Be6 72. f7 Bxf7+
73. Kxf7 d5 74. Ke7 Ke4 75. Nd1 d4 76. Nf2+ Kd5 77. cxd4 Kxd4 78. Kd6 Kc4 79.
Kc7 Kxb4 80. Kb6 1-0

[Event "Tradewise Gibraltar Masters 14th"]
[Site "Gibraltar"]
[Date "2016.01.28"]
[Round "3.45"]
[White "Arakhamia-Grant, Ketevan"]
[Black "Cramling, Pia"]
[Result "1-0"]
[WhiteElo "2346"]
[BlackElo "2523"]
[PlyCount "83"]
[EventDate "2016.01.26"]
[EventType "swiss"]
[EventRounds "10"]
[EventCountry "GGB"]
[Source "www.saund.co.uk"]
[SourceDate "2005.02.07"]

1. e4 c5 2. Nf3 Nc6 3. d4 cxd4 4. Nxd4 Qb6 5. Nb3 Nf6 6. Nc3 e6 7. Qe2 Bb4 8.
Bd2 a5 9. a3 Bxc3 10. Bxc3 e5 11. f4 d6 12. Nd2 O-O 13. O-O-O Rd8 14. h3 Nb4
15. Kb1 Be6 16. Nc4 Qc5 17. f5 Bxc4 18. Qxc4 Nc6 19. Qxc5 dxc5 20. Re1 a4 21.
g4 Nd4 22. g5 Nh5 23. Bc4 Kf8 24. h4 Rab8 25. Rd1 Nf4 26. Ba2 Ke7 27. Bd2 Nf3
28. Be3 f6 29. Bc4 Ng2 30. Bc1 Nd4 31. h5 b5 32. Bd5 b4 33. axb4 a3 34. bxa3
cxb4 35. a4 Ne2 36. Bb2 Nc3+ 37. Bxc3 bxc3+ 38. Bb3 Nf4 39. Ka2 Ne2 40. Rxd8
Rxd8 41. h6 gxh6 42. Rxh6 1-0

[Event "Tradewise Gibraltar Masters 14th"]
[Site "Gibraltar"]
[Date "2016.01.28"]
[Round "3.46"]
[White "Zhao Xue"]
[Black "Pourkashiyan, Atousa"]
[Result "0-1"]
[WhiteElo "2506"]
[BlackElo "2338"]
[PlyCount "130"]
[EventDate "2016.01.26"]
[EventType "swiss"]
[EventRounds "10"]
[EventCountry "GGB"]
[Source "www.saund.co.uk"]
[SourceDate "2005.02.07"]

1. Nf3 Nf6 2. c4 e6 3. Nc3 d5 4. d4 Be7 5. Bf4 O-O 6. a3 c5 7. dxc5 dxc4 8. e4
Qa5 9. Bxc4 Nxe4 10. b4 Nxc3 11. Qb3 Qd8 12. Qxc3 Bf6 13. Be5 Nc6 14. Bxf6 Qxf6
15. Qxf6 gxf6 16. O-O-O e5 17. Rd6 Be6 18. Bxe6 fxe6 19. Rhd1 Rad8 20. Rd7 Rxd7
21. Rxd7 Rf7 22. Rd6 Re7 23. Kc2 a6 24. Kc3 Kf7 25. a4 Rc7 26. Nd2 Ne7 27. Kc4
Nd5 28. Rd8 f5 29. Nf1 e4 30. g3 Nb6+ 31. Kb3 Nd7 32. a5 Ne5 33. Ne3 Ke7 34.
Rh8 Kf6 35. Rf8+ Ke7 36. Rh8 Kf6 37. Nc4 Nxc4 38. Kxc4 Rd7 39. Rb8 Ke5 40. h4
Rd2 41. Rxb7 Rxf2 42. Rxh7 Rc2+ 43. Kb3 Rc1 44. Kb2 Rc4 45. Rd7 Rxb4+ 46. Kc3
Rb5 47. c6 Rc5+ 48. Kd2 Rxc6 49. h5 Rc5 50. h6 Rxa5 51. h7 Ra2+ 52. Ke3 Rh2 53.
Ra7 Rh3 54. Kf2 Kf6 55. Kg2 Rh6 56. Kf2 Ke5 57. Ke3 Rh2 58. Rg7 a5 59. Ra7 a4
60. Ra5+ Kf6 61. Ra7 a3 62. g4 a2 63. gxf5 exf5 64. Kf4 Rh4+ 65. Kg3 Rxh7 0-1

[Event "Tradewise Gibraltar Masters 14th"]
[Site "Gibraltar"]
[Date "2016.01.28"]
[Round "3.47"]
[White "Foisor, Cristina Adela"]
[Black "Fodor, Tamas Jr"]
[Result "1/2-1/2"]
[WhiteElo "2338"]
[BlackElo "2500"]
[PlyCount "88"]
[EventDate "2016.01.26"]
[EventType "swiss"]
[EventRounds "10"]
[EventCountry "GGB"]
[Source "www.saund.co.uk"]
[SourceDate "2005.02.07"]

1. Nf3 d5 2. g3 Nf6 3. Bg2 c5 4. O-O Nc6 5. d4 e6 6. c4 cxd4 7. Nxd4 Qb6 8.
Nxc6 bxc6 9. Qc2 Be7 10. b3 O-O 11. Bb2 Bb7 12. Nd2 Rfd8 13. e3 Rac8 14. Rfd1
h6 15. Rac1 c5 16. Nf3 d4 17. exd4 Bxf3 18. Bxf3 cxd4 19. Qe2 Bc5 20. Rd3 Qb8
21. Rcd1 e5 22. Be4 Re8 23. g4 Nxe4 24. Qxe4 Qa8 25. f3 Qxe4 26. fxe4 a5 27.
Bc1 Re6 28. Bd2 Ra8 29. Rf1 Rc6 30. Rf5 Bd6 31. a4 Bc7 32. Kf1 g6 33. Rf2 Kg7
34. Rh3 Rh8 35. Rhf3 f6 36. Rg2 h5 37. Rfg3 h4 38. Rh3 Kf7 39. Rf2 Ke6 40. Rhf3
Bd8 41. h3 Rh7 42. Ke2 Ra7 43. Kd1 Be7 44. Kc2 g5 1/2-1/2

[Event "Tradewise Gibraltar Masters 14th"]
[Site "Gibraltar"]
[Date "2016.01.28"]
[Round "3.48"]
[White "Gunina, Valentina"]
[Black "Mannion, Stephen R"]
[Result "1-0"]
[WhiteElo "2496"]
[BlackElo "2334"]
[PlyCount "63"]
[EventDate "2016.01.26"]
[EventType "swiss"]
[EventRounds "10"]
[EventCountry "GGB"]
[Source "www.saund.co.uk"]
[SourceDate "2005.02.07"]

1. d4 d5 2. c4 dxc4 3. e3 e5 4. Bxc4 exd4 5. exd4 Bd6 6. Nf3 Nf6 7. O-O O-O 8.
Bg5 h6 9. Bh4 Nc6 10. Nc3 Bg4 11. Nb5 g5 12. Nxd6 cxd6 13. Bg3 d5 14. Be2 Re8
15. h4 Ne4 16. hxg5 hxg5 17. Bh2 f6 18. Qb3 Qd7 19. Rfe1 Rad8 20. Rac1 Re7 21.
Bb5 Bh5 22. Ne5 fxe5 23. Rxe4 Qf5 24. Rce1 Rf7 25. Rxe5 Nxe5 26. Rxe5 Qxf2+ 27.
Kh1 Rf5 28. Bg3 Rxe5 29. Bxf2 Rf5 30. Bg3 Rf7 31. Qe3 Rg7 32. Be5 1-0

[Event "Tradewise Gibraltar Masters 14th"]
[Site "Gibraltar"]
[Date "2016.01.28"]
[Round "3.49"]
[White "Mihajlov, Sebastian"]
[Black "Nakar, Eylon"]
[Result "1/2-1/2"]
[WhiteElo "2335"]
[BlackElo "2479"]
[PlyCount "132"]
[EventDate "2016.01.26"]
[EventType "swiss"]
[EventRounds "10"]
[EventCountry "GGB"]
[Source "www.saund.co.uk"]
[SourceDate "2005.02.07"]

1. d4 Nf6 2. c4 g6 3. Nc3 Bg7 4. e4 d6 5. f4 O-O 6. Nf3 c5 7. d5 e6 8. dxe6
fxe6 9. Bd3 Nc6 10. O-O Nd4 11. Nxd4 cxd4 12. Nb5 e5 13. fxe5 dxe5 14. c5 Be6
15. Bg5 Qd7 16. b4 Ng4 17. Qe2 h6 18. Bd2 Kh7 19. Nd6 Nf6 20. Bc4 b6 21. a3
Rab8 22. Rab1 Bxc4 23. Qxc4 Qc6 24. Rbe1 bxc5 25. bxc5 Rbd8 26. Nf7 Rde8 27.
Nd6 Rd8 28. Nf7 Rde8 29. Nd6 Re7 30. Ba5 Rd7 31. Rc1 Rb8 32. Rfe1 Re7 33. h3
Rd7 34. Bb4 Re7 35. Ba5 Rd7 36. Bb4 Ra8 37. Ba5 Ne8 38. Nf7 Rb8 39. Bb4 Rbb7
40. Rf1 Rbc7 41. Ba5 Rc8 42. Rfe1 d3 43. Bd2 Rcc7 44. Rf1 Rd4 45. Qb3 Rxe4 46.
Nd8 Qa8 47. Ne6 Re2 48. Rf2 Rxf2 49. Kxf2 Qe4 50. Kg1 Rc6 51. Qb7 Qd5 52. Nf8+
Kg8 53. Nd7 Kh8 54. Kh1 e4 55. Bf4 Qe6 56. Re1 g5 57. Bd2 Qd5 58. Bb4 Nf6 59.
Ne5 Re6 60. Qxd5 Nxd5 61. Nxd3 e3 62. g3 Kg8 63. Kg2 Kf7 64. Re2 Bc3 65. Bxc3
Nxc3 66. Rc2 Nb5 1/2-1/2

[Event "Tradewise Gibraltar Masters 14th"]
[Site "Gibraltar"]
[Date "2016.01.28"]
[Round "3.50"]
[White "Tarjan, James E"]
[Black "Perez Garcia, Rodney Oscar"]
[Result "0-1"]
[WhiteElo "2478"]
[BlackElo "2332"]
[PlyCount "80"]
[EventDate "2016.01.26"]
[EventType "swiss"]
[EventRounds "10"]
[EventCountry "GGB"]
[Source "www.saund.co.uk"]
[SourceDate "2005.02.07"]

1. c4 c6 2. b3 d5 3. Bb2 Bf5 4. Nf3 Nd7 5. g3 Ngf6 6. Bg2 e6 7. O-O h6 8. d3
Bc5 9. Nc3 O-O 10. d4 Be7 11. Nd2 Re8 12. Re1 Bg6 13. h3 a5 14. Rc1 Bf8 15. a3
Qb6 16. e3 Rad8 17. c5 Qa7 18. Nf3 Qb8 19. Ne2 b6 20. cxb6 Qxb6 21. Nc3 Rb8 22.
Nd2 c5 23. Na4 Qa7 24. dxc5 Nxc5 25. Bd4 Nfd7 26. Rc3 e5 27. Bxc5 Nxc5 28. Nxc5
Bxc5 29. Qc1 Bf8 30. Bxd5 Qd7 31. Bc6 Qxh3 32. Bxe8 Rxe8 33. e4 Kh7 34. Nf3 Be7
35. Ree3 Bh4 36. Rc4 Rd8 37. b4 axb4 38. axb4 Bg5 39. Nxg5+ hxg5 40. g4 Qxg4+
0-1

[Event "Tradewise Gibraltar Masters 14th"]
[Site "Gibraltar"]
[Date "2016.01.28"]
[Round "3.51"]
[White "Kharous, Ernest"]
[Black "Ly, Moulthun"]
[Result "0-1"]
[WhiteElo "2314"]
[BlackElo "2474"]
[PlyCount "74"]
[EventDate "2016.01.26"]
[EventType "swiss"]
[EventRounds "10"]
[EventCountry "GGB"]
[Source "www.saund.co.uk"]
[SourceDate "2005.02.07"]

1. e4 c5 2. Nc3 Nc6 3. f4 g6 4. Nf3 Bg7 5. Bb5 Nd4 6. Nxd4 cxd4 7. Ne2 a6 8.
Bd3 d6 9. O-O Nf6 10. Kh1 Nd7 11. Bc4 e6 12. a3 d5 13. exd5 Nb6 14. Ba2 Nxd5
15. c4 Ne7 16. d3 Nf5 17. b4 h5 18. Qe1 h4 19. Rf3 Bd7 20. Kg1 Bc6 21. Rh3 Bf6
22. Rb1 b5 23. Qf2 g5 24. g4 hxg3 25. Rxh8+ Bxh8 26. hxg3 g4 27. Kf1 Qd7 28.
Bd2 Bf6 29. Ke1 Rc8 30. Rc1 Ke7 31. c5 Bd5 32. Ra1 Bxa2 33. Rxa2 Qd5 34. Nc1
Rh8 35. Kd1 Rh1+ 36. Be1 Ne3+ 37. Kd2 Ng2 0-1

[Event "Tradewise Gibraltar Masters 14th"]
[Site "Gibraltar"]
[Date "2016.01.28"]
[Round "3.52"]
[White "Ripari, Marcelo"]
[Black "Carlstedt, Jonathan"]
[Result "1/2-1/2"]
[WhiteElo "2310"]
[BlackElo "2461"]
[PlyCount "91"]
[EventDate "2016.01.26"]
[EventType "swiss"]
[EventRounds "10"]
[EventCountry "GGB"]
[Source "www.saund.co.uk"]
[SourceDate "2005.02.07"]

1. e4 c5 2. Nf3 Nf6 3. e5 Nd5 4. Nc3 e6 5. Nxd5 exd5 6. d4 Nc6 7. c3 d6 8. Bb5
Be7 9. exd6 Bxd6 10. O-O O-O 11. Re1 Bg4 12. h3 Bxf3 13. Qxf3 cxd4 14. Bf4 Qf6
15. Bxc6 bxc6 16. cxd4 Rfe8 17. Qg3 c5 18. Be5 Qg6 19. Qxg6 hxg6 20. dxc5 Bxc5
21. Kf1 f6 22. Bf4 g5 23. Rxe8+ Rxe8 24. Bd2 Rb8 25. b3 Ba3 26. Bc1 Bd6 27. Bd2
Kf7 28. Ke2 Ke6 29. Rc1 d4 30. Kd3 Kd5 31. Rc4 Bc5 32. b4 Bb6 33. a4 a6 34. a5
Bd8 35. Rxd4+ Kc6 36. Kc4 Be7 37. Re4 Bd6 38. h4 gxh4 39. Rxh4 Re8 40. Be3 g5
41. Rd4 Rh8 42. Rd1 Rh4+ 43. Rd4 Rh1 44. Rd3 Rh4+ 45. Rd4 Rh1 46. Rd3 1/2-1/2

[Event "Tradewise Gibraltar Masters 14th"]
[Site "Gibraltar"]
[Date "2016.01.28"]
[Round "3.53"]
[White "Prasanna, Raghuram Rao"]
[Black "Bergstrom, Rolf"]
[Result "1-0"]
[WhiteElo "2460"]
[BlackElo "2297"]
[PlyCount "155"]
[EventDate "2016.01.26"]
[EventType "swiss"]
[EventRounds "10"]
[EventCountry "GGB"]
[Source "www.saund.co.uk"]
[SourceDate "2005.02.07"]

1. d4 Nf6 2. c4 e6 3. Nc3 Bb4 4. e3 b6 5. Nge2 Ne4 6. Qc2 Bb7 7. a3 Bxc3+ 8.
Nxc3 Nxc3 9. Qxc3 d6 10. b4 a5 11. Bb2 axb4 12. axb4 Rxa1+ 13. Bxa1 Nd7 14. c5
bxc5 15. dxc5 Nf6 16. Bb5+ c6 17. Be2 dxc5 18. bxc5 O-O 19. O-O Qc7 20. Rb1 Ra8
21. Bf3 Rc8 22. h3 h6 23. Rb6 Ba6 24. Qd4 Ne8 25. Bc3 Bb7 26. Rb1 Ra8 27. Qb4
Bc8 28. Qb6 Ra6 29. Qxc7 Nxc7 30. Rb8 Ra8 31. Rxa8 Nxa8 32. Bxc6 Nc7 33. Be5
Na6 34. Bd6 Nb4 35. Be4 Bd7 36. Kh2 f5 37. Bf3 Kf7 38. Kg3 Bc6 39. Be2 Kf6 40.
Bc7 e5 41. Bc4 Bd5 42. Bf1 Nc6 43. f3 g5 44. Kf2 h5 45. Ba6 Ke6 46. Bc8+ Kf6
47. Bd7 h4 48. Be8 Ke6 49. Bxc6 Bxc6 50. Bd8 Kd5 51. Bxg5 Kxc5 52. Bxh4 Kd5 53.
Bf6 Ke6 54. Bg7 e4 55. Bc3 exf3 56. gxf3 Kf7 57. Kg3 Kg6 58. Kf4 Bb7 59. h4 Bc6
60. Bb2 Bb7 61. Bd4 Bc6 62. Bc3 Bb7 63. e4 fxe4 64. fxe4 Bc6 65. Ke5 Bb7 66.
Bd2 Bc6 67. Be3 Bb7 68. Kd4 Kh5 69. Bg5 Kg6 70. Bd8 Bc6 71. e5 Kf7 72. Kc5 Bf3
73. Kd6 Bg4 74. Bg5 Bf5 75. h5 Bb1 76. e6+ Kf8 77. e7+ Ke8 78. Ke6 1-0

[Event "Tradewise Gibraltar Masters 14th"]
[Site "Gibraltar"]
[Date "2016.01.28"]
[Round "3.54"]
[White "Pratyusha, Bodda"]
[Black "Galyas, Miklos"]
[Result "1/2-1/2"]
[WhiteElo "2278"]
[BlackElo "2459"]
[PlyCount "134"]
[EventDate "2016.01.26"]
[EventType "swiss"]
[EventRounds "10"]
[EventCountry "GGB"]
[Source "www.saund.co.uk"]
[SourceDate "2005.02.07"]

1. d4 d6 2. e4 Nf6 3. Nc3 g6 4. Be3 Bg7 5. h3 O-O 6. f4 Na6 7. Nf3 c5 8. dxc5
Nxc5 9. Bd3 Nxd3+ 10. Qxd3 b6 11. g4 Bb7 12. Bd4 e5 13. fxe5 dxe5 14. Bxe5 Nxe4
15. Nxe4 Bxe5 16. Qxd8 Raxd8 17. Nxe5 Bxe4 18. O-O Rfe8 19. Nxf7 Rd2 20. Rf4
Bd5 21. Nh6+ Kg7 22. g5 Rg2+ 23. Kf1 Rh2 24. Rd4 Rh1+ 25. Kf2 Rxa1 26. Rxd5
Rae1 27. h4 R1e2+ 28. Kf3 R2e3+ 29. Kf2 R3e5 30. Rd7+ R5e7 31. Rd4 Rf8+ 32. Kg3
Re3+ 33. Kg2 Rc8 34. c4 Re2+ 35. Kg3 Rxb2 36. Ng4 Rf8 37. Nh6 Rc8 38. Ng4 Rf8
39. Nh6 Rbf2 40. Rd7+ Kh8 41. Rxa7 R8f3+ 42. Kg4 Rf1 43. Rb7 Rf8 44. Kg3 Rc8
45. Rxb6 Kg7 46. Rb7+ Kf8 47. Rxh7 Rxc4 48. Rh8+ Ke7 49. Rg8 Rc6 50. Rg7+ Ke8
51. Rg8+ Kd7 52. Rg7+ Kc8 53. Rg8+ Kb7 54. Rg7+ Kb6 55. Rf7 Rg1+ 56. Kh2 Ra1
57. Rf6 Rxa2+ 58. Kg3 Kc7 59. Rxc6+ Kxc6 60. h5 gxh5 61. g6 Ra1 62. Kh4 Rh1+
63. Kg5 Kd7 64. Nf5 Ke6 65. Ng7+ Ke5 66. Nxh5 Rg1+ 67. Kh6 Rxg6+ 1/2-1/2

[Event "Tradewise Gibraltar Masters 14th"]
[Site "Gibraltar"]
[Date "2016.01.28"]
[Round "3.55"]
[White "Krush, Irina"]
[Black "Watson, John L"]
[Result "1-0"]
[WhiteElo "2458"]
[BlackElo "2277"]
[PlyCount "87"]
[EventDate "2016.01.26"]
[EventType "swiss"]
[EventRounds "10"]
[EventCountry "GGB"]
[Source "www.saund.co.uk"]
[SourceDate "2005.02.07"]

1. d4 Nf6 2. c4 e6 3. Nc3 Bb4 4. e3 O-O 5. a3 Bxc3+ 6. bxc3 c5 7. Bd3 Nc6 8.
Ne2 b6 9. e4 Ne8 10. O-O Ba6 11. f4 f5 12. e5 Na5 13. d5 d6 14. dxe6 Qe7 15.
Ng3 g6 16. Re1 Qxe6 17. Nf1 Rd8 18. Ne3 dxe5 19. Bxf5 Qe7 20. Nd5 Qf7 21. fxe5
Bxc4 22. e6 Qxf5 23. Ne7+ Kh8 24. Nxf5 Rxd1 25. Rxd1 Bxe6 26. Ng3 Kg7 27. Rd8
Nc4 28. Bg5 Rg8 29. Re1 Bf7 30. Re7 Ned6 31. Rxg8+ Kxg8 32. Rxa7 Bd5 33. a4 Bc6
34. Bf4 Nb7 35. Nf1 Nba5 36. Ne3 Nxe3 37. Bxe3 Nc4 38. Bh6 Na5 39. Rg7+ Kh8 40.
Rf7 Bd5 41. Rf8+ Bg8 42. Rb8 Nc4 43. h4 Nb2 44. a5 1-0

[Event "Tradewise Gibraltar Masters 14th"]
[Site "Gibraltar"]
[Date "2016.01.28"]
[Round "3.56"]
[White "Tan, Justin"]
[Black "Vea, Odin Blikra"]
[Result "1-0"]
[WhiteElo "2446"]
[BlackElo "2271"]
[PlyCount "109"]
[EventDate "2016.01.26"]
[EventType "swiss"]
[EventRounds "10"]
[EventCountry "GGB"]
[Source "www.saund.co.uk"]
[SourceDate "2005.02.07"]

1. e4 c5 2. Nf3 d6 3. d4 cxd4 4. Nxd4 Nf6 5. Nc3 g6 6. Be3 Bg7 7. f3 O-O 8. Qd2
Nc6 9. O-O-O d5 10. Qe1 e5 11. Nxc6 bxc6 12. exd5 cxd5 13. Bg5 Be6 14. Bc4 Qb6
15. Bxf6 Bxf6 16. Nxd5 Bxd5 17. Rxd5 e4 18. Rb5 Qc7 19. Qxe4 Rae8 20. Qd3 Qf4+
21. Kb1 Re3 22. g3 Rxd3 23. gxf4 Rxf3 24. f5 g5 25. Bd5 Rf2 26. h3 Re8 27. a4
Re5 28. Rd1 Rfxf5 29. Bc4 Rxb5 30. axb5 Rc5 31. Be2 Be5 32. c4 Rc7 33. Kc2 Kf8
34. b3 Ke7 35. Bg4 h5 36. Bf5 Kf6 37. Bd7 Ke7 38. Bf5 Kf8 39. Bd7 Ke7 40. Rd5
Rxd7 41. Rxe5+ Kf6 42. Re8 g4 43. hxg4 hxg4 44. c5 Rc7 45. b4 Kf5 46. Kd3 Kf4
47. Re4+ Kf3 48. Re3+ Kf2 49. Re2+ Kf1 50. Rc2 f5 51. Ke3 Re7+ 52. Kf4 Rf7 53.
c6 Rc7 54. Kxf5 g3 55. Ke6 1-0

[Event "Tradewise Gibraltar Masters 14th"]
[Site "Gibraltar"]
[Date "2016.01.28"]
[Round "3.57"]
[White "Perez Garcia, Alejandro"]
[Black "Kelires, Andreas"]
[Result "0-1"]
[WhiteElo "2273"]
[BlackElo "2444"]
[PlyCount "138"]
[EventDate "2016.01.26"]
[EventType "swiss"]
[EventRounds "10"]
[EventCountry "GGB"]
[Source "www.saund.co.uk"]
[SourceDate "2005.02.07"]

1. d4 Nf6 2. c4 e6 3. g3 c5 4. d5 exd5 5. cxd5 d6 6. Nc3 g6 7. Bg2 Bg7 8. Nf3
O-O 9. O-O a6 10. a4 Nbd7 11. Bf4 Qe7 12. Re1 h6 13. Qc1 Kh8 14. h3 Nh5 15. Bd2
c4 16. g4 Nhf6 17. Bf4 Nc5 18. Qe3 Qxe3 19. Bxe3 Nb3 20. Ra3 Bd7 21. a5 Rfe8
22. Rd1 h5 23. gxh5 Nxh5 24. Ng5 Kg8 25. Nge4 Be5 26. Nd2 Nxd2 27. Rxd2 Re7 28.
Bd4 Nf4 29. Bxe5 Rxe5 30. Ne4 Bxh3 31. Bxh3 Rxe4 32. Bf1 Re5 33. e3 Rg5+ 34.
Kh2 Nxd5 35. Bg2 Nf6 36. Rxd6 Kg7 37. Kg1 Re8 38. Kf1 Rb5 39. Rb6 Ne4 40. Ra4
Rxb6 41. axb6 Nd6 42. Ra5 Kf6 43. Rd5 Re6 44. Rd4 Nf5 45. Rxc4 Rxb6 46. b4 Nd6
47. Rd4 Ke7 48. Ke2 Rb5 49. Kd3 g5 50. f4 f6 51. fxg5 fxg5 52. Bh3 Nf7 53. Bc8
Kf6 54. Ke4 Rb6 55. Bh3 Nd6+ 56. Kd3 Nf7 57. Bc8 Rb5 58. Ke4 Re5+ 59. Kd3 Re7
60. Rd5 Ne5+ 61. Kd4 g4 62. b5 a5 63. b6 g3 64. Bh3 Nc6+ 65. Kc5 Rxe3 66. Kd6
a4 67. Kc7 Re7+ 68. Kc8 Rh7 69. Bg2 Ne7+ 0-1

[Event "Tradewise Gibraltar Masters 14th"]
[Site "Gibraltar"]
[Date "2016.01.28"]
[Round "3.58"]
[White "Salomon, Johan"]
[Black "Sanchez Jerez, Emilio Miguel"]
[Result "1/2-1/2"]
[WhiteElo "2444"]
[BlackElo "2265"]
[PlyCount "137"]
[EventDate "2016.01.26"]
[EventType "swiss"]
[EventRounds "10"]
[EventCountry "GGB"]
[Source "www.saund.co.uk"]
[SourceDate "2005.02.07"]

1. c4 f5 2. Nf3 Nf6 3. d4 e6 4. g3 b6 5. Bg2 Bb7 6. O-O Be7 7. d5 Ne4 8. Nd4
O-O 9. dxe6 c5 10. Nxf5 Rxf5 11. Qc2 Na6 12. Nc3 Nb4 13. Qb1 Nxc3 14. bxc3 Bxg2
15. Kxg2 dxe6 16. cxb4 Qd4 17. e4 Rf7 18. Bf4 cxb4 19. Qc2 Rc8 20. Rac1 b5 21.
Be3 Qf6 22. c5 Qf3+ 23. Kg1 h5 24. Qd1 Qxe4 25. Qxh5 a5 26. Rfd1 g6 27. Qh3 Bf6
28. Qf1 Rb7 29. Rd6 Be7 30. Rd4 Qf5 31. Rf4 Qd5 32. Qh3 Rf8 33. Qh6 Qh5 34.
Rxf8+ Bxf8 35. Qxh5 gxh5 36. c6 Rb8 37. c7 Rc8 38. Bb6 a4 39. Rd1 b3 40. axb3
axb3 41. Rb1 b4 42. Rxb3 Bd6 43. Kg2 Kf7 44. Rd3 Ke7 45. Ba5 e5 46. Rd5 Ke6 47.
Rb5 Kd7 48. Kf3 Kc6 49. Rb6+ Kxc7 50. Rxb4+ Kd7 51. Rb7+ Ke6 52. Bb6 h4 53. g4
Rf8+ 54. Kg2 h3+ 55. Kxh3 Rf3+ 56. Kg2 Rb3 57. g5 Kf5 58. h4 Kg6 59. h5+ Kxh5
60. Rh7+ Kxg5 61. Be3+ Kf5 62. Rh6 Ba3 63. Rc6 Ke4 64. Bc5 Bb2 65. Rb6 Rxb6 66.
Bxb6 Bd4 67. Bc7 Bxf2 68. Bxe5 Kxe5 69. Kxf2 1/2-1/2

[Event "Tradewise Gibraltar Masters 14th"]
[Site "Gibraltar"]
[Date "2016.01.28"]
[Round "3.59"]
[White "Henderson De La Fuente, Lance"]
[Black "Shytaj, Luca"]
[Result "0-1"]
[WhiteElo "2270"]
[BlackElo "2443"]
[PlyCount "86"]
[EventDate "2016.01.26"]
[EventType "swiss"]
[EventRounds "10"]
[EventCountry "GGB"]
[Source "www.saund.co.uk"]
[SourceDate "2005.02.07"]

1. e4 c5 2. Nf3 a6 3. c4 d6 4. d4 Bg4 5. dxc5 Bxf3 6. gxf3 dxc5 7. Qxd8+ Kxd8
8. Be3 e6 9. Nc3 Nd7 10. O-O-O Kc7 11. f4 g6 12. e5 f5 13. Bg2 Rd8 14. Rd2 Be7
15. Rhd1 b6 16. Nd5+ exd5 17. cxd5 Bd6 18. Bf1 a5 19. Re2 Ngf6 20. Bd2 Rhe8 21.
Rde1 Bf8 22. Bg2 Ne4 23. Be3 Kc8 24. Kc2 Bg7 25. Bc1 c4 26. Bxe4 fxe4 27. Kc3
b5 28. Be3 g5 29. Bd4 gxf4 30. Rxe4 Nxe5 31. Rxe5 Bxe5 32. Rxe5 Rxe5 33. Bxe5
Rxd5 34. Bxf4 Rd3+ 35. Kc2 Kd7 36. Bd2 a4 37. Bf4 Ke6 38. Kc1 Kf5 39. Bb8 b4
40. Kc2 b3+ 41. axb3 axb3+ 42. Kc1 Kg4 43. Bc7 Kf3 0-1

[Event "Tradewise Gibraltar Masters 14th"]
[Site "Gibraltar"]
[Date "2016.01.28"]
[Round "3.60"]
[White "Stark, Lars"]
[Black "Gavilan Diaz, Mario"]
[Result "1/2-1/2"]
[WhiteElo "2440"]
[BlackElo "2261"]
[PlyCount "41"]
[EventDate "2016.01.26"]
[EventType "swiss"]
[EventRounds "10"]
[EventCountry "GGB"]
[Source "www.saund.co.uk"]
[SourceDate "2005.02.07"]

1. c4 e5 2. g3 Nf6 3. Bg2 d5 4. cxd5 Nxd5 5. Nf3 Nc6 6. O-O Nb6 7. b3 Be7 8.
Bb2 f6 9. Nc3 O-O 10. Rc1 Be6 11. d3 Qd7 12. Re1 a5 13. a3 Rfd8 14. Nd2 Bf8 15.
Nc4 Qf7 16. Nd2 Nd4 17. Nc4 Nc6 18. Nd2 Nd4 19. Nc4 Nc6 20. Nd2 Nd4 21. Nc4
1/2-1/2

[Event "Tradewise Gibraltar Masters 14th"]
[Site "Gibraltar"]
[Date "2016.01.28"]
[Round "3.61"]
[White "Carlsson, Pontus"]
[Black "Mohota, Nisha"]
[Result "1/2-1/2"]
[WhiteElo "2430"]
[BlackElo "2245"]
[PlyCount "149"]
[EventDate "2016.01.26"]
[EventType "swiss"]
[EventRounds "10"]
[EventCountry "GGB"]
[Source "www.saund.co.uk"]
[SourceDate "2005.02.07"]

1. e4 Nf6 2. e5 Nd5 3. d4 d6 4. Bc4 c6 5. Nf3 g6 6. O-O Bg7 7. h3 O-O 8. exd6
Qxd6 9. Bb3 b5 10. Re1 Nd7 11. Bg5 N7f6 12. Nbd2 Bb7 13. c4 Nc7 14. Qe2 Rae8
15. c5 Qd8 16. Ne4 Ncd5 17. Qd2 Qc7 18. Bh6 Bc8 19. Ng3 Rd8 20. Re5 Kh8 21.
Rae1 Bxh6 22. Qxh6 Ng8 23. Qd2 f6 24. R5e4 Rfe8 25. Qc1 Kg7 26. Rh4 Bd7 27. a3
Qc8 28. Rhe4 a5 29. Bxd5 cxd5 30. R4e3 e6 31. R1e2 Ne7 32. h4 h5 33. Qd2 Qc7
34. b3 Nc6 35. Rd3 b4 36. a4 Bc8 37. Re1 Ba6 38. Rde3 Kf7 39. Ne2 Ne7 40. Ng3
Nc6 41. Qc2 Qf4 42. Nxh5 Qh6 43. Ng3 Re7 44. Nf1 Rh8 45. g3 g5 46. Qd1 gxh4 47.
Nxh4 f5 48. Nh2 Kf8 49. Kh1 Qf6 50. N2f3 f4 51. Re5 Nxe5 52. dxe5 Qf5 53. Kg2
Qg4 54. Nh2 Qxd1 55. Rxd1 Rg7 56. Kh3 fxg3 57. fxg3 Rhg8 58. g4 Be2 59. Rd4 Rc7
60. Rd2 Ba6 61. Rf2+ Ke7 62. Rf6 Bd3 63. N2f3 Rxc5 64. Nd4 Rc3 65. Rxe6+ Kd7
66. Rd6+ Kc8 67. Nhf3 Be4 68. Rf6 Bxf3 69. Rxf3 Rxf3+ 70. Nxf3 Kd7 71. Kg3 Ke6
72. Kf4 Rf8+ 73. Ke3 Rc8 74. Kf4 Rf8+ 75. Ke3 1/2-1/2